| 000 | 00518nam a2200169Ia 4500 | ||
|---|---|---|---|
| 008 | 230925s9999||||xx |||||||||||||| ||und|| | ||
| 082 | _a621.31 JAV | ||
| 100 |
_aJavaid, Abdulah (330795) _9118253 |
||
| 245 | 0 | _aAnalysis of Lithium Kinetics in Lithium Nickel Cobalt Aluminum (NCA) Cells using GITT and EIS / | |
| 260 |
_bUSPCAS-E, NUST,Islamabad : _c2023 |
||
| 300 | _axiii, 69 p. | ||
| 520 | _aTH-474 | ||
| 650 |
_vMS Thesis _918721 |
||
| 650 | _vMS-EEP Thesis | ||
| 700 | _aDr. Ghulam Ali | ||
| 942 |
_cTHE _2ddc |
||
| 999 |
_c603221 _d603221 |
||